000 00422nam a2200181Ia 4500
001 7801
005 20260306160522.0
008 260306t1977||||xx |||||||||||||| ||spa||
041 _aESP
082 _a362.29
_bO91
100 _aOurghourlian, Jean Michel
_eAUT
245 0 _aLa persona de toxicomano
260 _c1977
300 _a327 páginas :
_ccm.
650 _aGEN
654 _aCPS
942 _cLIB
_dJUS
_fJUS
_2ddc
_n
999 _c7801
_d7801